000 00889nas a2200289 4500
001 BR2016000024
003 BR-BrBNA
005 20231205130017.0
007 ta
008 230509b bl.|||p| |||| 00| 00por d
040 _aBR-BrBNA
_bpor
_cBiblioteca Nacional de Agricultura
041 _a(En)
072 _aL01; L02
100 1 _aDuarte, V.
100 1 _aMinafra, C.S.
100 1 _aSantos, F.R. dos
100 1 _aPerim, F. dos S.
245 1 _aInclusion of canthaxanthin and 25-hydroxycholecalciferol in the diet of broiler breeders on performance and incubation parameters
650 _aFRANGO DE CORTE
650 _aDIETA
650 _aVITAMINA D
650 _aOVO
650 _aPRODUÇÃO
773 0 _tCiência Rural (Brazil)
_xISSN 0103-8478
_g(Nov 2015), v. 45(11) p. 2050-2055
_wBR2016000024
909 _a202311
_bLúcia
_c55
_dLúcia Elande
942 _2AGRIS
_n0
_cANA
999 _c247419
_d247419